| 000 | 00000nam 2200000zi 4500 |
| 001 | 9.927082 |
| 003 | CaOODSP |
| 005 | 20241122151111 |
| 006 | m o d f |
| 007 | cr mn||||||||| |
| 008 | 230911e202406 onca ob f000 0 eng d |
| 020 | |a9780660678641 |
| 040 | |aCaOODSP|beng|erda|cCaOODSP |
| 043 | |an------ |
| 086 | 1 |aHP45-36/2024E-PDF |
| 245 | 00|aNorth American preparedness for animal and human pandemics initiative. |
| 264 | 1|a[Ottawa] : |b[Public Health Agency of Canada], |cJune 2024. |
| 300 | |a1 online resource (21 pages) : |billustrations (some colour) |
| 336 | |atext|btxt|2rdacontent |
| 337 | |acomputer|bc|2rdamedia |
| 338 | |aonline resource|bcr|2rdacarrier |
| 500 | |aIssued also in French under title: Initiative nord-américaine de préparation aux pandémies animales et humaines; and in Spanish under title: Preparación Norteamericana para la iniciativa para pandemias en animales y seres humanos. |
| 500 | |a"Pub.: 240189." |
| 504 | |aIncludes bibliographical references. |
| 650 | 0|aPandemics|zNorth America|xPrevention. |
| 710 | 2 |aPublic Health Agency of Canada, |eissuing body. |
| 775 | 08|tInitiative nord-américaine de préparation aux pandémies animales et humaines.|w(CaOODSP)9.927083 |
| 775 | 08|tPreparación Norteamericana para la iniciativa para pandemias en animales y seres humanos.|w(CaOODSP)9.938798 |
| 856 | 40|qPDF|s583 KB|uhttps://publications.gc.ca/collections/collection_2024/aspc-phac/HP45-36-2024-eng.pdf |
| 856 | 4 |qHTML|sN/A|uhttps://www.canada.ca/en/public-health/services/publications/health-risks-safety/north-american-preparedness-animal-and-human-pandemics-initiative.html |
| 986 | |a240189 |